000 00450nam a2200169Ia 4500
005 20250423094734.0
008 250422s9999 xx 000 0 und d
020 _a0946182051
050 _aRJ 101 .H39/
100 _aEdited by Hawes Hugh and Christine Scotchmer
245 0 _aChildren for health
260 _aUnited Kingdom
260 _c1993
300 _a183 p
650 _aChildren--Health and hygiene. Health--Education.
942 _cBK
999 _c28148
_d28148